| 000 | 00000nam##2200000za#4500 |
| 001 | 9.643095 |
| 003 | CaOODSP |
| 005 | 20210624224018 |
| 007 | cr ||||||||||| |
| 008 | 150407|2003||||xxc|||||o f|0| 0 fre|d |
| 040 | |aCaOODSP|bfre |
| 043 | |an-cn--- |
| 086 | 1 |aEn14-155/2003F-PDF |
| 110 | 1 |aCanada. |bEnvironnement Canada. |
| 245 | 10|aMettre à profit la surveillance écosystémique communautaire pour la prise de décisions et l'élaboration de politiques à l'échelon local favorisant un développement durable : |h[ressource électronique]|bProjet de l’Initiative sur le secteur bénévole et communautaire (ISBC) - rapport final / |c[par] Rebecca M. Pollock, Graham S. Whitelaw, et David K. Atkinson ; [publié conjointement par la] Fédération canadienne de la nature et le Bureau de coordination du Réseau d'évaluation et de surveillance écologiques. |
| 260 | |aOttawa - Ontario : |bEnvironnement Canada |cMars 2003. |
| 300 | |a111p.|bcartes en couleur, figures, références, tableaux |
| 590 | |a14-21-Supp|b2014-12-11 |
| 691 | 07|aGestion de l'environnement|2gcpds |
| 691 | 07|aPartenariat communautaire|2gcpds |
| 775 | 08|tLinking community based ecosystem monitoring to local decision making and policy development on sustainability : |w(CaOODSP)9.699058 |
| 856 | 40|ahttp://publications.gc.ca|qPDF|s543 Ko|uhttps://publications.gc.ca/collections/collection_2014/ec/En14-155-2003-fra.pdf |